Statistiques concernant Asie du sud et centrale carte quiz

Cliquez ici pour prendre le quiz!

Statistiques générales

  • Ce quiz a été pris 4,232 fois
  • Le résultat moyen est 11 sur 13

Statistiques - réponses

Answer % Correct
Inde
98%
Sri Lanka
94%
Maldives
94%
Népal
89%
Bangladesh
88%
Bhoutan
87%
Pakistan
87%
Kazakhstan
85%
Afghanistan
80%
Ouzbékistan
68%
Tadjikistan
66%
Kirghizistan
64%
Turkménistan
58%

Distribution des résultats

Percentile by Number Answered

% des personnes avec chaque résultat

Votre développement - résultats

Vous n’avez pas pris ce quiz